<?xml version="1.0" encoding="UTF-8"?>
<record
    xmlns:xsi="http://www.w3.org/2001/XMLSchema-instance"
    xsi:schemaLocation="http://www.loc.gov/MARC21/slim http://www.loc.gov/standards/marcxml/schema/MARC21slim.xsd"
    xmlns="http://www.loc.gov/MARC21/slim">

  <leader>00532nam a22001817a 4500</leader>
  <controlfield tag="003">LK-CoDNM</controlfield>
  <controlfield tag="005">20241129111015.0</controlfield>
  <controlfield tag="008">241129b        |||||||| |||| 00| 0 eng d</controlfield>
  <datafield tag="040" ind1=" " ind2=" ">
    <subfield code="a">LK-CoDNM</subfield>
    <subfield code="d">LK-CoDNM</subfield>
    <subfield code="e">LK-CoDNM</subfield>
  </datafield>
  <datafield tag="041" ind1=" " ind2=" ">
    <subfield code="a">sin</subfield>
  </datafield>
  <datafield tag="080" ind1=" " ind2=" ">
    <subfield code="a">294.32</subfield>
    <subfield code="b">SLR</subfield>
  </datafield>
  <datafield tag="100" ind1=" " ind2=" ">
    <subfield code="a">&#xDC4;&#xDD9;&#xDAB;&#xDA9;&#xDD2;&#xDBA;&#xD9C;&#xDBD; &#xDC3;&#xDD3;&#xDBD;&#xDBB;&#xDAD;&#xDB1; </subfield>
  </datafield>
  <datafield tag="245" ind1=" " ind2=" ">
    <subfield code="a">&#xDB4;&#xDD4;&#xDB1;&#xDBB;&#xDCA; &#xDB7;&#xDC0;&#xDBA; &#xDC4;&#xDCF; &#xDB1;&#xDD2;&#xDBB;&#xDCA; &#xDC0;&#xDCF;&#xDAB;&#xDBA; </subfield>
  </datafield>
  <datafield tag="260" ind1=" " ind2=" ">
    <subfield code="a">&#xD9A;&#xDD4;&#xDBD;&#xDD2;&#xDBA;&#xDCF;&#xDB4;&#xDD2;&#xDA7;&#xDD2;&#xDBA;</subfield>
  </datafield>
  <datafield tag="300" ind1=" " ind2=" ">
    <subfield code="a">520P. ; 22 CM</subfield>
  </datafield>
  <datafield tag="650" ind1=" " ind2=" ">
    <subfield code="a">&#xDB4;&#xDD4;&#xDB1;&#xDBB;&#xDCA; &#xDB7;&#xDC0;&#xDBA; </subfield>
  </datafield>
  <datafield tag="942" ind1=" " ind2=" ">
    <subfield code="c">BK</subfield>
  </datafield>
  <datafield tag="952" ind1=" " ind2=" ">
    <subfield code="0">0</subfield>
    <subfield code="1">0</subfield>
    <subfield code="4">1</subfield>
    <subfield code="7">0</subfield>
    <subfield code="8">OBC</subfield>
    <subfield code="a">MAIN</subfield>
    <subfield code="b">MAIN</subfield>
    <subfield code="c">REF</subfield>
    <subfield code="d">2024-11-29</subfield>
    <subfield code="l">0</subfield>
    <subfield code="o">294.32 SLR</subfield>
    <subfield code="p">OB9271</subfield>
    <subfield code="r">2024-11-29</subfield>
    <subfield code="w">2024-11-29</subfield>
    <subfield code="y">BK</subfield>
  </datafield>
  <datafield tag="999" ind1=" " ind2=" ">
    <subfield code="c">232881</subfield>
    <subfield code="d">232881</subfield>
  </datafield>
</record>
